Brno - guida della città /

Hlavní autor: Poláčková, Andrea, 1967-
Jazyk: Italština
Vydáno: Brno : Zvláštní vydání..., 1991
Fyzický popis: 1 sv. (nestr.) : ilustrace, plány
Knihy
Uloženo v:
LEADER 00758nam a22002412a 4500
001 000480606
003 CZ BrMZK
005 20161004102525.0
007 ta
008 000105s1991 xr ae f ita d
015 |a cnb000067802 
035 |a (OCoLC)39596656 
040 |a BOA001  |b cze 
041 1 |a ita  |h cze 
080 |a 908.437.222(036)  |2 MRF 
100 1 |a Poláčková, Andrea,  |d 1967-  |7 jx20040130028  |4 aut 
245 1 0 |a Brno - guida della città /  |c text A. Poláčková 
260 |a Brno :  |b Zvláštní vydání...,  |c 1991 
300 |a 1 sv. (nestr.) :  |b ilustrace, plány 
500 |a Přeloženo z češtiny 
910 |a BOA001  |b X-0976.533 
990 |a BK 
996 6 |b 2619753123  |c X-0976.533  |l MZK  |r Sklad / do 24 hodin  |n 2  |w 000480606  |u 000010  |a 1  |e BOA001  |j MZK50  |s P